Preference in Presentation or Impression Management: A Comparison Study between Chairmen’s Statements of the Most and Least Profitable Australian Companies (Record no. 307779)
[ view plain ]
| 000 -LEADER | |
|---|---|
| fixed length control field | 00463nam a2200109Ia 4500 |
| 008 - FIXED-LENGTH DATA ELEMENTS--GENERAL INFORMATION | |
| fixed length control field | 170221s9999 xx 000 0 und d |
| 100 ## - MAIN ENTRY--PERSONAL NAME | |
| Personal name | Zilan Cen |
| 245 ## - TITLE STATEMENT | |
| Title | Preference in Presentation or Impression Management: A Comparison Study between Chairmen’s Statements of the Most and Least Profitable Australian Companies |
| 245 ## - TITLE STATEMENT | |
| Statement of responsibility, etc | Zilan Cen and Rongchang Cai |
| 650 ## - SUBJECT ADDED ENTRY--TOPICAL TERM | |
| General subdivision | Business |
| 856 ## - ELECTRONIC LOCATION AND ACCESS | |
| Uniform Resource Identifier | <a href="http://ro.uow.edu.au/cgi/viewcontent.cgi?article=1488&context=aabfj">http://ro.uow.edu.au/cgi/viewcontent.cgi?article=1488&context=aabfj</a> |
| Withdrawn status | Lost status | Damaged status | Home library | Current library | Date acquired | Total Checkouts | Date last seen | Price effective from | Koha item type |
|---|---|---|---|---|---|---|---|---|---|
| College Library | College Library | 02/21/2017 | 02/21/2017 | 02/21/2017 | Foreign e-journal articles |